<?xml version="1.0" encoding="UTF-8"?>
<record
    xmlns:xsi="http://www.w3.org/2001/XMLSchema-instance"
    xsi:schemaLocation="http://www.loc.gov/MARC21/slim http://www.loc.gov/standards/marcxml/schema/MARC21slim.xsd"
    xmlns="http://www.loc.gov/MARC21/slim">

  <leader>00512nam a22001337a 4500</leader>
  <controlfield tag="008">181024b        xxu||||| |||| 00| 0 eng d</controlfield>
  <datafield tag="020" ind1=" " ind2=" ">
    <subfield code="a">950  9004  52  9 </subfield>
  </datafield>
  <datafield tag="082" ind1=" " ind2=" ">
    <subfield code="a">709.2 </subfield>
    <subfield code="b">P323u</subfield>
  </datafield>
  <datafield tag="100" ind1=" " ind2=" ">
    <subfield code="a">Pau-Llosa, Ricardo</subfield>
    <subfield code="9">4961</subfield>
  </datafield>
  <datafield tag="245" ind1=" " ind2=" ">
    <subfield code="a">Un acercamiento a Polesello</subfield>
  </datafield>
  <datafield tag="260" ind1=" " ind2=" ">
    <subfield code="a">Buenos Aires, Argentina</subfield>
    <subfield code="b">Ediciones de Arte Gaglianone</subfield>
    <subfield code="c">1984</subfield>
  </datafield>
  <datafield tag="300" ind1=" " ind2=" ">
    <subfield code="a">170 p. </subfield>
    <subfield code="b">ill (col)</subfield>
    <subfield code="c">31. 8 cm</subfield>
  </datafield>
  <datafield tag="650" ind1=" " ind2=" ">
    <subfield code="2">Arte - cr&#xED;tica e interpretaci&#xF3;n </subfield>
    <subfield code="x">Polesello, Rogelio - artista argentino</subfield>
    <subfield code="x">Arte -  Biograf&#xED;a</subfield>
    <subfield code="z">Arte -  Argentina</subfield>
    <subfield code="9">6751</subfield>
  </datafield>
  <datafield tag="999" ind1=" " ind2=" ">
    <subfield code="c">1649</subfield>
    <subfield code="d">1649</subfield>
  </datafield>
  <datafield tag="952" ind1=" " ind2=" ">
    <subfield code="0">0</subfield>
    <subfield code="1">0</subfield>
    <subfield code="2">ddc</subfield>
    <subfield code="4">0</subfield>
    <subfield code="7">0</subfield>
    <subfield code="a">LV</subfield>
    <subfield code="b">LV</subfield>
    <subfield code="c">Monograf&#xED;as</subfield>
    <subfield code="d">2018-10-24</subfield>
    <subfield code="l">0</subfield>
    <subfield code="o">709.2 P323u</subfield>
    <subfield code="p">000948</subfield>
    <subfield code="r">2018-10-24 00:00:00</subfield>
    <subfield code="w">2018-10-24</subfield>
    <subfield code="y">01</subfield>
  </datafield>
</record>
